The war of the worlds / (Record no. 3603)

MARC details
000 -LEADER
fixed length control field 00677nam a22002417a 4500
001 - CONTROL NUMBER
control field 3603
003 - CONTROL NUMBER IDENTIFIER
control field FISKH
005 - DATE AND TIME OF LATEST TRANSACTION
control field 20240325112023.0
008 - FIXED-LENGTH DATA ELEMENTS--GENERAL INFORMATION
fixed length control field 240325b cb ||||| |||| 00| 0 eng d
040 ## - CATALOGING SOURCE
Original cataloging agency FISK
Language of cataloging eng
Transcribing agency FISK
Modifying agency FISK
050 ## - LIBRARY OF CONGRESS CALL NUMBER
Classification number PR5774
082 ## - DEWEY DECIMAL CLASSIFICATION NUMBER
Classification number 823.912
100 ## - MAIN ENTRY--PERSONAL NAME
Personal name Wells H. G
Dates associated with a name 1866-1946
245 ## - TITLE STATEMENT
Title The war of the worlds /
Statement of responsibility, etc. H. G. Wells
260 ## - PUBLICATION, DISTRIBUTION, ETC.
Place of publication, distribution, etc. London :
Name of publisher, distributor, etc. Townsend Press,
Date of publication, distribution, etc. 2007
300 ## - PHYSICAL DESCRIPTION
Extent 216 pages :
Dimensions 18 cm
505 ## - FORMATTED CONTENTS NOTE
Formatted contents note X
520 ## - SUMMARY, ETC.
Summary, etc. As life on Mars becomes impossible, Martians and their terrifying machines invade the earth.
521 8# - TARGET AUDIENCE NOTE
Target audience note 1040
Source Lexile
700 ## - ADDED ENTRY--PERSONAL NAME
Personal name H. G. Wells
942 ## - ADDED ENTRY ELEMENTS (KOHA)
Source of classification or shelving scheme Dewey Decimal Classification
Koha item type Books
Suppress in OPAC No
Holdings
Withdrawn status Lost status Source of classification or shelving scheme Damaged status Not for loan Collection Home library Current library Shelving location Date acquired Total Checkouts Full call number Barcode Date last seen Copy number Price effective from Koha item type
    Dewey Decimal Classification     Fiction Footprints International School Library Network Toul Tom Poung Campus Footprints International School Library Network Toul Tom Poung Campus TTP Secondary Fiction Bookshelves 03/25/2024   WEL PR5774 823.912 2024-0393 06/14/2024 1 03/25/2024 Books